Detalles MARC
| 000 -Cabecera |
| Campo de control de longitud fija |
03284ata a2201297 4500 |
| 005 - Fecha y hora de la última transacción |
| Campo de control |
20240809115842.0 |
| 008 - Elementos de longitud fija--Información general |
| Campo de control de longitud fija |
150515b xxu||||| |||| 00| 0 spa d |
| 020 ## - International Standard Book Number |
| Número Internacional Estándar del Libro (ISBN) |
9788482592879 |
| 041 ## - Idioma |
| Código de idioma |
Español |
| 082 ## - Clasificación Decimal Dewey |
| Número de clasificación |
809.915 E96e |
| 245 ## - Título propiamente dicho |
| Título |
Expresión literaria y artística |
| 260 ## - Pie de imprenta |
| Lugar de publicación, distribución, etc. |
España |
| 260 ## - Pie de imprenta |
| Nombre del editor, distribuidor, etc. |
Alfanauta |
| 260 ## - Pie de imprenta |
| Fecha de publicación, distribución, etc. |
2008 |
| 300 ## - Descripción física |
| Extensión |
335 páginas |
| 650 ## - Materia general |
| Temática (materia general) |
LITERATURA |
| 650 ## - Materia general |
| Temática (materia general) |
LITERATURA UNIVERSAL |
| 650 ## - Materia general |
| Temática (materia general) |
GÉNEROS LITERARIOS |
| 650 ## - Materia general |
| Temática (materia general) |
LITERATURA GRIEGA |
| 650 ## - Materia general |
| Temática (materia general) |
LITERATURA ROMANA |
| 650 ## - Materia general |
| Temática (materia general) |
LITERATURA ALEMANA |
| 650 ## - Materia general |
| Temática (materia general) |
LITERATURA INGLESA |
| 650 ## - Materia general |
| Temática (materia general) |
LITERATURA ESTADOUNIDENSE |
| 650 ## - Materia general |
| Temática (materia general) |
LITERATURA ÁRABE |
| 650 ## - Materia general |
| Temática (materia general) |
LITERATURA CHINA |
| 650 ## - Materia general |
| Temática (materia general) |
LITERATURA JAPONESA |
| 650 ## - Materia general |
| Temática (materia general) |
LITERATURA FRANCESA |
| 650 ## - Materia general |
| Temática (materia general) |
LITERATURA ITALIANA |
| 650 ## - Materia general |
| Temática (materia general) |
LITERATURA ESCANDINAVA |
| 650 ## - Materia general |
| Temática (materia general) |
LITERATURA RUSA |
| 650 ## - Materia general |
| Temática (materia general) |
LITERATURA HISPANOAMERICANA |
| 650 ## - Materia general |
| Temática (materia general) |
ROMANTICISMO |
| 650 ## - Materia general |
| Temática (materia general) |
REALISMO |
| 650 ## - Materia general |
| Temática (materia general) |
MODERNISMO |
| 650 ## - Materia general |
| Temática (materia general) |
POESÍA |
| 650 ## - Materia general |
| Temática (materia general) |
POESÍA CONTEMPORÁNEA |
| 650 ## - Materia general |
| Temática (materia general) |
POESÍA ANTIGUA |
| 650 ## - Materia general |
| Temática (materia general) |
NARRATIVA CONTEMPORÁNEA |
| 650 ## - Materia general |
| Temática (materia general) |
TEATRO |
| 650 ## - Materia general |
| Temática (materia general) |
ENSAYO |
| 650 ## - Materia general |
| Temática (materia general) |
NOVELA |
| 650 ## - Materia general |
| Temática (materia general) |
ARTE |
| 650 ## - Materia general |
| Temática (materia general) |
EDUCACIÓN PLÁSTICA |
| 650 ## - Materia general |
| Temática (materia general) |
DISEÑO GRÁFICO |
| 650 ## - Materia general |
| Temática (materia general) |
DISEÑO INDUSTRIAL |
| 650 ## - Materia general |
| Temática (materia general) |
FOTOGRAFÍA |
| 650 ## - Materia general |
| Temática (materia general) |
CINE |
| 650 ## - Materia general |
| Temática (materia general) |
VIDEO |
| 650 ## - Materia general |
| Temática (materia general) |
DISEÑO ASISTIDO |
| 650 ## - Materia general |
| Temática (materia general) |
IMAGEN IMPRESA |
| 650 ## - Materia general |
| Temática (materia general) |
PERCEPCIÓN VISUAL |
| 650 ## - Materia general |
| Temática (materia general) |
COLOR |
| 650 ## - Materia general |
| Temática (materia general) |
LUZ |
| 650 ## - Materia general |
| Temática (materia general) |
ILUMINACIÓN |
| 650 ## - Materia general |
| Temática (materia general) |
SOMBRA |
| 650 ## - Materia general |
| Temática (materia general) |
LENGUAJE PLÁSTICO |
| 650 ## - Materia general |
| Temática (materia general) |
DISEÑO PUBLICITARIO |
| 650 ## - Materia general |
| Temática (materia general) |
DISEÑO TIPOGRÁFICO |
| 650 ## - Materia general |
| Temática (materia general) |
PROCEDIMIENTOS PICTÓRICOS |
| 650 ## - Materia general |
| Temática (materia general) |
CULTURA |
| 650 ## - Materia general |
| Temática (materia general) |
ARTE PREHISTÓRICO |
| 650 ## - Materia general |
| Temática (materia general) |
ARTE PRIMITIVO |
| 650 ## - Materia general |
| Temática (materia general) |
ASIA MENOR |
| 650 ## - Materia general |
| Temática (materia general) |
ARTE ORIENTAL |
| 650 ## - Materia general |
| Temática (materia general) |
ARTE EGIPCIO |
| 650 ## - Materia general |
| Temática (materia general) |
ARTE DEL IMPERIO ROMANO |
| 650 ## - Materia general |
| Temática (materia general) |
ARTE PALEOCRISTIANO |
| 650 ## - Materia general |
| Temática (materia general) |
ARTE BIZANTINO |
| 650 ## - Materia general |
| Temática (materia general) |
ARTE ISLÁMICO |
| 650 ## - Materia general |
| Temática (materia general) |
ARTE ROMÁNICO |
| 650 ## - Materia general |
| Temática (materia general) |
ARTE GÓTICO |
| 650 ## - Materia general |
| Temática (materia general) |
ARTE PRECOLOMBINO |
| 650 ## - Materia general |
| Temática (materia general) |
MAYAS |
| 650 ## - Materia general |
| Temática (materia general) |
AZTECAS |
| 650 ## - Materia general |
| Temática (materia general) |
INCAS |
| 650 ## - Materia general |
| Temática (materia general) |
ARTE DEL RENACIMIENTO |
| 650 ## - Materia general |
| Temática (materia general) |
ARTE BARROCO |
| 650 ## - Materia general |
| Temática (materia general) |
URBANISMO |
| 650 ## - Materia general |
| Temática (materia general) |
ARQUITECTURA |
| 650 ## - Materia general |
| Temática (materia general) |
PINTURA |
| 650 ## - Materia general |
| Temática (materia general) |
ESCULTURA |
| 650 ## - Materia general |
| Temática (materia general) |
DANZA |
| 650 ## - Materia general |
| Temática (materia general) |
ORÍGENES DE LA DANZA |
| 650 ## - Materia general |
| Temática (materia general) |
ÉPOCAS DE LA DANZA |
| 650 ## - Materia general |
| Temática (materia general) |
DANZA MODERNA |
| 650 ## - Materia general |
| Temática (materia general) |
DANZA CLÁSICA |
| 650 ## - Materia general |
| Temática (materia general) |
MÚSICA |
| 650 ## - Materia general |
| Temática (materia general) |
ORÍGENES DE LA MÚSICA |
| 650 ## - Materia general |
| Temática (materia general) |
MÚSICA RENACENTISTA |
| 650 ## - Materia general |
| Temática (materia general) |
MÚSICA BARROCA |
| 650 ## - Materia general |
| Temática (materia general) |
ROMANTICISMO EN LA MÚSICA |
| 650 ## - Materia general |
| Temática (materia general) |
MÚSICA IMPRESIONISTA |
| 650 ## - Materia general |
| Temática (materia general) |
CULTURAS ANTIGUAS |
| 650 ## - Materia general |
| Temática (materia general) |
RENACIMIENTO |
| 650 ## - Materia general |
| Temática (materia general) |
EDAD MEDIA |
| 650 ## - Materia general |
| Temática (materia general) |
TENEBRISMO |
| 650 ## - Materia general |
| Temática (materia general) |
IMPRESIONISMO |
| 650 ## - Materia general |
| Temática (materia general) |
NATURALISMO |
| 650 ## - Materia general |
| Temática (materia general) |
CLASICISMO |
| 650 ## - Materia general |
| Temática (materia general) |
SIMBOLISMO |
| 650 ## - Materia general |
| Temática (materia general) |
HUMANISMO |
| 650 ## - Materia general |
| Temática (materia general) |
POSTROMANTICISMO |
| 650 ## - Materia general |
| Temática (materia general) |
DADAÍSMO |
| 650 ## - Materia general |
| Temática (materia general) |
SURREALISMO |
| 650 ## - Materia general |
| Temática (materia general) |
FUTURISMO |
| 650 ## - Materia general |
| Temática (materia general) |
EXISTENCIALISMO |
| 650 ## - Materia general |
| Temática (materia general) |
SERIALISMO |
| 650 ## - Materia general |
| Temática (materia general) |
VERISMO |
| 650 ## - Materia general |
| Temática (materia general) |
FASCISMO |
| 942 ## - Punto de acceso adicional KOHA |
| Tipo de ítem KOHA |
Literatura |
| Fuente del sistema de clasificación o colocación |
Dewey Decimal Classification |